The efficacy of anti-terrorism laws in Kenya: A comparative study with the United Kingdom (Record no. 4215)

000 -LEADER
fixed length control field 00425nam a22001457a 4500
003 - CONTROL NUMBER IDENTIFIER
control field OSt
005 - DATE AND TIME OF LATEST TRANSACTION
control field 20191114121459.0
008 - FIXED-LENGTH DATA ELEMENTS--GENERAL INFORMATION
fixed length control field 191114b xxu||||| |||| 00| 0 eng d
050 ## - LIBRARY OF CONGRESS CALL NUMBER
Classification number KF9430.M38 2019
100 ## - MAIN ENTRY--PERSONAL NAME
Personal name Mburu, K. Stephen
245 ## - TITLE STATEMENT
Title The efficacy of anti-terrorism laws in Kenya: A comparative study with the United Kingdom
Statement of responsibility, etc Stephen K. Mburu
260 ## - PUBLICATION, DISTRIBUTION, ETC. (IMPRINT)
Place of publication, distribution, etc Nairobi
Date of publication, distribution, etc 2019
300 ## - PHYSICAL DESCRIPTION
Extent ix, 37p
942 ## - ADDED ENTRY ELEMENTS (KOHA)
Source of classification or shelving scheme
Koha item type Research Project
Holdings
Withdrawn status Lost status Source of classification or shelving scheme Damaged status Not for loan Home library Current library Shelving location Date acquired Total Checkouts Full call number Barcode Date last seen Price effective from Koha item type
          Riara University Library Riara University Library Special Collection 14/11/2019   RUSC KF9430.M38 2019 10311/19 14/11/2019 14/11/2019 Research Project

Riara University Library,
P.O. Box 49940-00100,
Nairobi, Kenya.